The Christ-life for your life. (Record no. 12690)

000 -LEADER
fixed length control field 00564nam a2200181 a 4500
001 - CONTROL NUMBER
control field :::00010504$&:&@@
003 - CONTROL NUMBER IDENTIFIER
control field OkBaRHE
005 - DATE AND TIME OF LATEST TRANSACTION
control field 20000607103359.0
008 - FIXED-LENGTH DATA ELEMENTS--GENERAL INFORMATION
fixed length control field s1897 j 000 0 eng u
040 ## - CATALOGING SOURCE
Transcribing agency
100 1# - MAIN ENTRY--PERSONAL NAME
Personal name Meyer, Frederick Brotherton.
245 14 - TITLE STATEMENT
Title The Christ-life for your life.
260 ## - PUBLICATION, DISTRIBUTION, ETC. (IMPRINT)
Place of publication, distribution, etc Chicago, IL., :
Name of publisher, distributor, etc Moody Press
Date of publication, distribution, etc c1897
300 ## - PHYSICAL DESCRIPTION
Extent 127 p. ;
Dimensions 17 cm.
650 ## - SUBJECT ADDED ENTRY--TOPICAL TERM
Topical term or geographic name as entry element Preaching
General subdivision Addresses, Essays, Lectures
942 ## - ADDED ENTRY ELEMENTS (KOHA)
Source of classification or shelving scheme
Koha item type Books
Copies
Barcode Permanent Location Shelving location Copy number Withdrawn status Koha item type Damaged status Price effective from Source of classification or shelving scheme Date last seen Not for loan Date acquired Lost status Full call number
10504RHEMA Bible Training CollegeGeneral Stacks1 Books 2010-04-14 2010-04-14 2010-04-14 BV 4501 .M4